Histoire de droit privé
Збережено в:
| Автори: | , |
|---|---|
| Формат: | Книга |
| Мова: | Французька |
| Опубліковано: |
París
Universitaires de France
1961
|
| Серія: | Thémis. Manuels Juridiques, Economiques et Politiques
|
| Предмети: | |
| Теги: |
Додати тег
Немає тегів, Будьте першим, хто поставить тег для цього запису!
|
MARC
| LEADER | 00000nam a2200000 a 4500 | ||
|---|---|---|---|
| 001 | UCS1157 | ||
| 003 | CL-VaPUC | ||
| 008 | 970509e19610000FR |||||||||||||||||fre|d | ||
| 082 | 0 | 4 | |a 346.44 |b OUR |2 21 |
| 100 | |a Ourliac, Paul |e auteur |9 385327 | ||
| 700 | 0 | |a Malafosse, J. de |e author |9 385328 | |
| 245 | 1 | 0 | |a Histoire de droit privé |
| 300 | |a 433 p | ||
| 942 | |c BK | ||
| 945 | |d 19970509 00:00:00 |a cmena | ||
| 260 | |a París |b Universitaires de France |c 1961 | ||
| 650 | 0 | |a Derecho civil |9 255013 | |
| 650 | 0 | |a Derecho privado |9 258243 | |
| 650 | 0 | |a Historia del derecho |9 255109 | |
| 650 | 0 | |a Bienes |9 255749 | |
| 650 | 0 | |a Patrimonio |9 257770 | |
| 650 | 0 | |a Propiedad |9 255268 | |
| 650 | 0 | |a Código civil |9 256135 | |
| 650 | 0 | |a Bienes inmuebles |9 359521 | |
| 650 | 0 | |a Bienes muebles |9 380927 | |
| 650 | 0 | |a Derecho romano |9 255930 | |
| 650 | 0 | |a Derecho de familia |9 255603 | |
| 650 | 0 | |a Posesión |9 258681 | |
| 651 | 0 | |a Francia |9 255157 | |
| 583 | |a last modification |c 19970509 00:00:00 |k Rodrigo Vera | ||
| 490 | 0 | |a Thémis. Manuels Juridiques, Economiques et Politiques | |
| 999 | |c 259260 |d 259258 | ||
| 952 | |0 0 |1 0 |4 0 |6 346_440000000000000_OUR_1961 |7 0 |8 P |9 283905 |a BIBDER |b BIBDER |d 2019-11-19 |i 1844741 |o 346.44 OUR 1961 |p 1844741 |r 2023-01-25 |w 2019-11-19 |y BK |k DER | ||